[Event "RUS-ch 72nd"]
[Site "Izhevsk"]
[Date "2019.08.19"]
[Round "8"]
[White "Motylev, Alexander"]
[Black "Tomashevsky, Evgeny"]
[Result "1/2-1/2"]
[WhiteElo "2668"]
[BlackElo "2706"]
[Annotator "Motylev,A"]
[PlyCount "142"]
[EventDate "2019.08.10"]
[EventType "tourn"]
[EventRounds "11"]
[EventCountry "RUS"]
[EventCategory "18"]
[SourceTitle "CBM 192"]
[Source "ChessBase"]
[SourceDate "2019.10.31"]
[SourceVersion "1"]
[SourceVersionDate "2019.10.31"]
[SourceQuality "1"]

1. e4 e5 2. Nf3 Nc6 3. Bb5 a6 4. Ba4 Nf6 5. O-O Be7 6. d3 b5 7. Bb3 d6 8. a3
O-O 9. Nc3 Na5 10. Ba2 Be6 {This system is considered Black's main weapon
against the a3-Nc3 line.} 11. b4 Bxa2 12. Rxa2 Nc6 13. Bg5 Qd7 (13... Ng4 $5
14. Bd2 Nf6 {is a main line, I believe.}) 14. Bxf6 Bxf6 15. Nd5 Bd8 ({In 2014
vs Lenier Dominguez Evgeny played} 15... a5 $5 {and made a draw in a long game}
16. Nxf6+ gxf6 17. Rb2 axb4 18. axb4 f5 19. Nh4 f4 20. Nf5 Kh8 21. d4 f6 22.
Qd3 Ne7 23. Nxe7 Qxe7 24. Qxb5 exd4 25. Qd3 Qe5 26. b5 Rfe8 27. b6 cxb6 28.
Rxb6 Rac8 29. Rb4 Rc3 30. Qxd4 Rxc2 31. Qd1 Rc3 32. f3 Qc5+ 33. Qd4 Rc2 34. Kh1
Qg5 35. Rg1 Rg8 36. Rb2 Rxb2 37. Qxb2 Qe5 38. Qc1 f5 39. exf5 Qxf5 40. Rd1 Qf6
41. h3 Qg5 42. Qd2 Rg6 43. Ra1 Kg7 44. Ra5 Qh4 45. Ra4 Rf6 46. Qe2 Qh5 47. Qe7+
Qf7 48. Qd8 Qg6 49. Re4 Kh6 50. Re8 Qg5 51. Re7 Qf5 52. Rb7 Qg6 53. Qe7 Rf5 54.
Qh4+ Qh5 55. Qd8 Qg6 56. Qe7 Rf6 57. Kg1 Rf5 58. Qh4+ Qh5 59. Qd8 Qg6 60. Qh4+
Qh5 61. Qd8 Qg6 62. Qe7 Rf6 63. Rb4 Qg7 64. Qe1 Qg5 65. Kh1 Rg6 66. Qd2 Rf6 67.
Rd4 Kg7 68. Rd5 Qg6 69. Rb5 Qf7 70. Rg5+ Rg6 71. Ra5 Rf6 72. Qd4 Qg6 73. h4 Kh6
74. Rg5 Qf7 75. Rg4 Qf8 76. Kh2 Rf5 77. Kh3 Qf6 78. Qd2 Qe6 79. Qc3 Qf6 80. Qc1
Kh5 81. Qc8 Kh6 82. Qg8 Rc5 83. Qa8 Rc1 84. Kh2 Rc5 85. Qa4 Rf5 86. Kh3 Kh5 87.
Qe4 Kh6 88. Qd3 Rh5 89. g3 Rf5 90. Rg8 Rh5 91. Qe4 d5 92. Qe8 Re5 93. Qb8 fxg3
94. Kxg3 Re1 95. Qf4+ Qxf4+ 96. Kxf4 Kh5 97. Rg5+ Kxh4 98. Rxd5 Re8 99. Rd7
Rf8+ 100. Ke4 Re8+ {1/2 (100) Dominguez Perez,L (2751)-Tomashevsky,E (2701)
Baku 2014}) 16. c4 Nd4 17. Ne3 {Quite a modest continuation.} (17. Nxd4 exd4
18. Rc2 {was more challenging}) 17... Nxf3+ ({My engine recommends} 17... a5 $1
18. bxa5 Nxf3+ 19. Qxf3 Bg5 $1 $11 (19... Rxa5 20. cxb5 Qxb5 21. Nc4 {could be
slightly better for White.})) 18. Qxf3 Bg5 19. Nd5 $5 ({In case of} 19. Rc2 $5
{the simplest is} Bxe3 20. Qxe3 c5 $1 $11) 19... Rfb8 $1 ({If} 19... Bd8 {
then White could have tried} 20. a4 $5 (20. Qf5 Qe8) 20... c6 21. Ne3 Bb6 22.
axb5 axb5 23. Rxa8 Rxa8 24. cxb5 cxb5 25. Nd5 Bd4 26. Qe2 {and strangely
enough White could be better here.}) 20. Qg3 Qd8 ({Here} 20... Bd8 {looked
quite good. After} 21. Rc2 (21. f4 $6 c6 22. Ne3 Bb6 $15) 21... c6 22. Ne3 a5 {
the postion is about equal.}) 21. cxb5 {I thought for more than half an hour
here and found a strong resource - 25.g3. Then I went for this line with pawn
sacrifices.} ({Nothing promises to White} 21. f4 exf4 22. Nxf4 a5 ({or} 22...
Bf6)) 21... axb5 22. Rc2 Rc8 {Now White can execute the two pawn sacrifice for
a blockade on the white squares.} ({Perhaps better was} 22... Rb7 23. d4 $5 (
23. Qg4 Rxa3 24. g3 Rba7 25. h4 Bh6 $13) 23... exd4 24. f4 $13) 23. Rc6 $1 Rxa3
24. Qg4 $1 Rxd3 ({In case of} 24... g6 {White has an interesting line:} 25. f4
$5 exf4 26. h4 $1 Bxh4 27. Qxf4 Kh8 28. g3 $5 Bg5 29. Qxf7 {with initiative})
25. g3 $1 {The point of White's play.} Ra8 $1 {Other moves were worse.} (25...
Kh8 26. Qf5 $1 $16) (25... g6 26. h4 $1 Rxd5 27. exd5 $16) (25... h5 26. Qxh5
g6 27. Qe2 $16) 26. h4 $1 (26. Nxc7 {was tempting but gives nothing to White:}
Rc8 $1 27. Ne6 Qd7 $1 28. Rxc8+ (28. Qxg5 Qxe6) 28... Qxc8 29. Qxg5 fxe6 $11)
26... Rxd5 $2 {This leads Black into a difficult positon.} ({Stronger was} 
26... Bd2 $1 {postponing the exchange sacrifice:} 27. Rb1 $1 {Defending the
important b4-pawn.} (27. Nxc7 h5 $1 28. Qxh5 Qd7 29. Nd5 Rxd5 30. exd5 Bxb4 31.
Qe2 Bc5 32. Qxb5 Qf5 $44) (27. Rd1 h5 $1 28. Qxh5 Rxd5 29. exd5 Bxb4 30. Qe2
Bc5 31. Qxb5 Ra2 $11) (27. Rxc7 $6 Rxd5 28. Rd7 Qc8 29. Qf5 Qe8 $1 30. exd5 g6
$132) (27. Kg2 $5 {was also possible and after} g6 (27... h5 28. Qxh5 Rxd5 29.
exd5 Bxb4 30. Qe2 $14) 28. Rb1 {the game transposes to the line 27.Rb1 g6 28.
Kg2}) 27... g6 28. Kg2 {Black has a choice:} ({A nice line arises after} 28.
Rb2 Bh6 {-} 29. Rbc2 f5 $1 30. Qe2 $1 Ra1+ 31. Kg2 Rdd1 $1 32. Rxc7 Rg1+ 33.
Kf3 Ra3+ $1 34. R7c3 Rxc3+ 35. Rxc3 fxe4+ 36. Kxe4 $1 Kh8 $1 37. Qg4 {White is
still pressing but Black should hold the draw.}) 28... h5 (28... Raa3 29. Rxc7
f5 $1 30. Qd1 Rxd5 $1 31. Rbc1 $1 Rc5 32. bxc5 Qxc7 33. Qxd2 dxc5 34. Qd5+ Qf7
35. Qxc5 Ra8 36. exf5 Rf8 37. fxg6 hxg6 38. Kg1 Qf5 $14) 29. Qe2 Raa3 30. Ra1
Bxb4 31. Rxa3 Rxd5 32. Ra7 Rc5 33. Raxc7 Rxc6 34. Rxc6 Qb8 35. Qa2 Bc5 36. Qa6
Kg7 37. Rc8 Qa7 38. Qxa7 Bxa7 39. Rc7 Bc5 {and Black should hold the resulting
endgame.}) 27. exd5 {Somewhere around here both players had come into time
trouble.} Bd2 ({After} 27... Bh6 28. Qe2 Qb8 29. Qb2 $1 $16 {White wins the
fight for the very important a-file line, because} Qa7 $2 {is losing the
c7-pawn after} 30. Qc2) 28. Rd1 $2 {A tempting move, but a mistake.} ({Much
better was the cold-blooded} 28. Rb1 $1 Bh6 (28... Ra4 {doesn't work -} 29. Qe2
$1 Rxb4 30. Ra1 $1 Bh6 31. Rxc7 {and White wins.}) 29. Qe2 Qb8 30. Qd1 g6 31.
Ra1 {with the advantage being close to decisive.}) 28... h5 $1 ({After} 28...
f5 $5 29. Qxf5 Bxb4 30. Rb1 Ba5 31. Qe6+ $1 ({but not} 31. Rxb5 Qf6 $1) 31...
Kh8 32. Rxb5 {White is winning.}) 29. Qe4 Bh6 30. Qe2 g6 ({Perhaps even better
was} 30... Qd7 $1 31. Qxh5 (31. Qxb5 $2 Qg4 32. Qd3 Be3 $1 $11) 31... Ra4 $16 {
with some counterplay}) 31. Qxb5 e4 $1 32. Qe2 e3 33. f4 $1 Qe7 ({Another
possibility was} 33... Ra3 $5 34. Rdc1 Qf6 35. Rxc7 Qd4 {and even here Black
has some counterplay.}) 34. Rc3 Re8 35. Rdd3 Bg7 36. Rc4 Bf6 {It looks as if
White's postion is completely winning, but it is still not so easy to make
progress.} 37. Kg2 {White chooses the direct way and loses almost all the
advange in the next few moves.} (37. Kh2 $1 Kg7 38. Ra3 $1 Kg8 (38... c5 39.
dxc6 d5 40. Rc1 $18) (38... Kh7 39. Ra7) 39. Ra7 Qd7 40. Raxc7 Qb5 41. Rc8 $18)
37... Kg7 {Now the most practical decision for White would be just to make 3
waiting moves to pass the time control and then think how to convert the
advantage.} 38. Kf3 $2 {There was no need to hurry at all.} (38. Kh2 $1) 38...
Qd7 $1 39. Rxe3 (39. Kg2 Qb5 $1) 39... Ra8 40. Kg2 Qb5 $1 {The time control is
over, but a significant part of the advantage has also disappeared.} 41. Rc2 $6
({Perhaps better was} 41. Qd3 Ra2+ 42. Re2 Rxe2+ 43. Qxe2 Qxd5+ 44. Kh2 Qb5 45.
Rc2 Qxb4 46. Rxc7 $16) ({Attention deserved} 41. Rxc7 Qxb4 $5 (41... Qxd5+ 42.
Kh2 Ra1 43. Qg2 Qf5 $16) 42. Rc1 Ra4 $16) 41... Qxb4 42. Qc4 Qb1 $1 43. Rb3 Qa1
({Black could have played} 43... Qe1 $5 44. Rf3 Ra5 $1 45. Rf1 Qe3 46. Re2 Qb6
47. f5 Be5 $1 48. fxg6 f6 $1 $11) 44. Rf3 Ra4 45. Qf1 Ra2 $6 (45... Qd4 $142
46. Rd3 Qb6 $14) 46. Rff2 ({Stronger was} 46. Qd3 $1 Ra7 47. Rf1 $16) 46...
Qxf1+ 47. Kxf1 Ra1+ 48. Kg2 Bd4 49. Rf1 Ra7 {Here we both went into the second
zeitnot.} 50. Rd2 $2 ({White could have fought for the advantage after} 50. Rc4
$1 Bc5 (50... Be3 51. Re4 Ra3 52. Rf3 Ra2+ 53. Kf1 Bb6 54. f5 $1 $16) 51. f5
Ra2+ 52. Kh3 f6 53. fxg6 Rd2 54. g4 $1 Kxg6 55. gxh5+ Kxh5 56. Rxf6 Rd3+ 57.
Kg2 Rxd5 58. Rf3 $16) 50... Ra4 $6 ({Much stronger was} 50... Bb6 $1 {with a
nice idea:} 51. f5 g5 $3 52. hxg5 Be3 {and Black is not worse}) 51. f5 $2 ({
A better try was} 51. Rc2 $1 Bc5 52. f5 {but still it looks like a dead draw
after} f6 53. fxg6 Kxg6 54. Kh3 Ra3) 51... Be5 $1 $11 52. Rf3 Rc4 53. Ra2 f6
54. fxg6 Kxg6 55. Kh3 Rc5 56. Rd3 Rc4 {In mutual time trouble Black misses
White's next move, but still nothing serious has happened.} (56... c6 $11) (
56... Kf5 $5) 57. Ra6 $5 Kf5 ({Stockfish is saying that even the fantastic} 
57... c5 $1 {is possible, and after} 58. dxc6 Rc2 {White cannot improve his
position.}) (57... Rb4 $5 58. Rc6 Rb7 {is totally ok for Black too.}) 58. Rc6
Rc5 ({Black is ok also after taking on c6 -} 58... Rxc6 $5 59. dxc6 Ke4 60. Ra3
d5 61. Kg2 d4 $11) 59. Rxc5 ({The best try was} 59. Rd1 $1 {but here Black has}
Rb5 $1 ({or} 59... Ra5) 60. Rxc7 Rb3 61. Rg7 Ke4 $11) 59... dxc5 60. Re3 c4 61.
Kg2 c3 62. Re2 Bd4 63. Kf3 Be5 64. Re1 Bd6 $1 {The last finesse.} ({A mistake
would be} 64... Bd4 $2 {in view of} 65. Re6 $1 Be5 66. Rc6 $22) 65. Re3 Be5 66.
Re2 Bd6 67. Re3 Be5 68. Re1 Bd6 69. Re2 Be5 70. Ra2 (70. Rg2 Bd4 $1) 70... Bd4
71. Re2 ({After} 71. Ra4 Ke5 72. Rc4 Kxd5 73. Rxc7 {the simplest is} Be5 74.
Rc8 f5 $11) 71... Be5 1/2-1/2

[Event "Sigeman & Co 13th"]
[Site "Malmo/Copenhagen"]
[Date "2005.04.15"]
[Round "1"]
[White "Hansen, Sune Berg"]
[Black "Hector, Jonny"]
[Result "0-1"]
[WhiteElo "2553"]
[BlackElo "2513"]
[Annotator "Mueller,Karsten"]
[PlyCount "180"]
[EventDate "2005.04.15"]
[EventType "tourn"]
[EventRounds "9"]
[EventCountry "SWE"]
[EventCategory "13"]
[SourceTitle "CBM 107"]
[Source "ChessBase"]
[SourceDate "2005.08.01"]
[SourceVersion "1"]
[SourceVersionDate "2005.08.01"]
[SourceQuality "1"]

1. e4 e5 2. Nf3 Nc6 3. Bb5 a6 4. Ba4 Nf6 5. d3 Bc5 6. Nc3 d6 7. Bg5 h6 8. Bxc6+
bxc6 9. Be3 Bxe3 10. fxe3 O-O 11. O-O Nh7 12. Rf2 Qe7 13. Qd2 g6 14. Ne2 a5 15.
Ng3 h5 16. h3 c5 17. a4 Rb8 18. b3 Rb4 19. Raf1 c6 20. Kh2 d5 21. Qc3 h4 22.
Ne2 Re8 23. Nd2 f5 24. exf5 gxf5 25. Nf3 e4 26. dxe4 Rxe4 27. Qxa5 d4 28. Nc1
dxe3 29. Re2 Nf6 30. Nd3 c4 31. bxc4 Rxc4 32. Kg1 Qd6 33. Qe1 Ree4 34. Ng5 Re7
35. Nf3 Nd5 36. Nxh4 Qf6 37. Nf3 f4 38. Qh4 Qxh4 39. Nxh4 Rg7 40. Ne5 Re4 41.
Nd3 Bxh3 42. c4 Rxc4 43. Ra2 Bc8 44. Rb2 Ba6 45. Ra1 Rb7 46. Rxb7 Bxb7 47. Ne5
Re4 48. Nhf3 Nc3 49. a5 Ba6 50. Kh2 e2 51. Nxc6 Nd1 52. Ne1 Bb7 53. Rc1 Kg7 54.
Rc5 Kf6 55. Kg1 Ra4 56. Rc1 Ba8 57. Nf3 $2 {Nach} (57. a6 {hat Weiß sehr gute
Remischancen, weil auf} Rxa6 $6 58. Nd4 Ra2 59. Nxe2 {folgen kann.}) 57... Rxa5
$1 58. Ncd4 (58. Nxa5 $2 Bxf3 $19 {[%cal Ge2e1]}) 58... Bxf3 59. Nxf3 Ra2 $2 {
Danach hat der schwarze Monarch Probleme, den Schachs zu entkommen.} (59... Re5
60. Ne1 Kf5 {war viel genauer.}) 60. Rc6+ Kf5 61. Rc5+ Kf6 62. Rc4 Kf5 63. Rc5+
Ke4 64. Re5+ Kd3 65. Rd5+ Kc3 66. Rc5+ Kb3 67. Rc8 Ra4 68. Ne1 $2 (68. Re8 {
legt den Finger auf die Wunde, z.B.} Nc3 69. Kf2 Kc2 70. Ng1 Kd3 71. Nxe2 Ra2
72. Rd8+ $11) 68... Re4 69. Rc7 Re3 70. Rf7 Kc3 71. Rd7 Rg3 72. Rd8 Re3 73. Rd7
Kb2 74. Rc7 Nc3 75. Kf2 Ne4+ 76. Kg1 Rc3 77. Re7 Rc4 78. Kh2 Kc3 79. Rd7 Rd4
80. Rc7+ Kd2 81. Nf3+ Ke3 82. Nxd4 Kxd4 (82... e1=Q $4 83. Nc2+ $18) 83. Rc1
Ke3 84. Kh3 Nf2+ 85. Kh4 Nd1 86. Rc8 Kd3 (86... e1=Q+ {ging auch sofort.}) 87.
Rd8+ Kc4 88. Re8 Ne3 89. Rc8+ Kd5 90. Rc1 Nd1 0-1

[Event "Zalakaros op 35th"]
[Site "Zalakaros"]
[Date "2016.06.04"]
[Round "9"]
[White "Onischuk, Vladimir"]
[Black "Puranik, Abhimanyu Sameer"]
[Result "1-0"]
[WhiteElo "2628"]
[BlackElo "2452"]
[Annotator "Narayanan,Srinath"]
[PlyCount "51"]
[EventDate "2016.05.27"]
[EventType "swiss"]
[EventRounds "9"]
[EventCountry "HUN"]
[SourceTitle "CBM 172 Extra"]
[Source "ChessBase"]
[SourceDate "2016.06.21"]
[SourceVersion "1"]
[SourceVersionDate "2016.06.21"]
[SourceQuality "1"]

1. e4 e5 2. Nf3 Nc6 3. Bb5 a6 4. Ba4 Nf6 5. O-O b5 6. Bb3 Bc5 7. Nc3 d6 $6 (
7... O-O {this move order would just avoid this problem} 8. d3 (8. Nd5 Nxe4 (
8... h6 $6 9. c3 {would save White a tempo}) 9. d3 Nf6 10. Bg5 Be7) 8... h6 9.
Nd5 d6 10. c3 {is a typical position in such lines.}) 8. Nd5 {A tricky
situation for Black. Even very strong players like Caruana were unable to
equalise.} O-O $2 {Walking right into it....} (8... Na5 {A rare move. Black
would like to remove the b3 B, but he allows White's next move.} 9. d4 $1 {
An important principle. When your opponent's piece goes to the edge of the
board, you should attack in the centre!} Nxb3 (9... exd4 $5 {was the
alternative} 10. Bg5 c6 11. Nxf6+ gxf6 12. Bh4 Rg8 13. Nxd4 Bxd4 14. Qxd4 c5 {
followed by c4. This is the point, why Black doesn't take on b3.}) 10. axb3
Nxd5 $146 {The new move in the game.} (10... exd4 $6 {was dubious, as} 11. Bg5
c6 12. Nxf6+ gxf6 13. Bh4 Rg8 {(Satyapragyan-Deshmukh, Tirupati 2012)} 14. Nxd4
Rg4 15. Bg3 Rxe4 16. Nxb5 $1 {and Black's position is hopeless, for example:}
cxb5 17. Qd5 $18) 11. exd5 exd4 12. Re1+ Kf8 13. Nxd4 {White has gained some
space. His position looks comfortable, because the black K didn't castle,
that's why it is not so easy to finish the development for Black.} Bd7 {
Otherwise Nc6.} 14. Be3 Qf6 15. Qd2 {0-1 (15) Topalov,V (2793)-Caruana,F (2774)
Thessaloniki 2013 CBM 155 [Szabo,Kr]}) ({In the event of} 8... Rb8 9. c3 Nxd5
10. Bxd5 Ne7 11. Bb3 O-O 12. d4 exd4 13. cxd4 Bb6 14. h3 h6 15. Re1 c5 16. Be3
Bb7 17. Rc1 Rc8 18. dxc5 Bxc5 19. Nh4 Qb6 20. Rc3 $14 {White was slightly
better, Grischuk-Lenic, Porto Carras 2011.}) (8... Nxe4 9. d3 Nf6 10. Bg5 $44)
9. d4 exd4 10. Bg5 Na5 11. Nxd4 Re8 12. Nf5 Bxf5 13. exf5 Nxb3 14. axb3 {
Black's position is just bad. So bad that even IM Puranik, who has shown a
tendency to extricate himself from all kinds of terrible positions couldn't
escape.} c6 15. Nxf6+ gxf6 16. Bh6 Kh8 17. b4 Bb6 18. Qg4 Rg8 19. Qh4 {[%cal
Ga1a3,Ga3h3]} Rg5 20. Bxg5 fxg5 21. Qe4 d5 22. Qe5+ Kg8 23. f6 h6 24. Rfe1 Qd7
25. h4 g4 26. Qf4 1-0

[Event "Wch U20"]
[Site "Baguio City"]
[Date "1987.??.??"]
[Round "?"]
[White "Anand, Viswanathan"]
[Black "Ivanchuk, Vassily"]
[Result "1-0"]
[WhiteElo "2505"]
[BlackElo "2480"]
[Annotator "Narayanan,Srinath"]
[PlyCount "101"]
[EventDate "1987.07.??"]
[EventType "swiss"]
[EventRounds "13"]
[EventCountry "PHI"]
[SourceTitle "EXT 1997"]
[Source "ChessBase"]
[SourceDate "1996.11.15"]
[SourceVersion "1"]
[SourceVersionDate "1996.11.15"]
[SourceQuality "1"]

1. e4 e5 2. Nf3 Nc6 3. Bb5 a6 4. Ba4 Nf6 5. d3 d6 6. O-O Bd7 7. c3 g6 8. Nbd2
Bg7 9. d4 O-O 10. h3 Nh5 11. dxe5 dxe5 12. Re1 Qc8 13. Nf1 Rd8 14. Qe2 h6 15.
N1h2 b5 16. Bc2 Be6 17. Bb3 Nf4 18. Bxf4 exf4 19. Rad1 Rxd1 20. Qxd1 Na5 21.
Nd4 Bxb3 22. Nxb3 Nc4 23. Qc2 Ne5 24. Nd4 c5 25. Ndf3 Nc6 26. Qd2 Qc7 27. e5
Re8 28. Ng4 g5 $2 {Ivanchuk has played quite well upto this point. However, in
the 28-40 move phase, I suspect time would have played a crucial factor as
well. The biggest drawback of g5 in this position is that h5 is no longer a
factor in most positions, thereby giving White a free hand to build his
position.} (28... h5 29. Nf6+ Bxf6 30. exf6 Rxe1+ 31. Qxe1 (31. Nxe1 Qe5 32.
Nd3 Qf5 $1 $11) 31... Qd8) 29. Qd5 $1 {with accurate play, White begins to
press home the point.} Rd8 30. Qe4 Re8 31. Rd1 Re6 {It's instructive how
Black's pawn kingside - which weakens light squares considerably is exploited.
This is typical.} 32. h4 h5 33. Ngh2 g4 34. Ng5 Rh6 35. e6 fxe6 36. Nxe6 Qe7
37. Re1 Be5 38. Ng5 Kg7 39. Nf1 Bd6 40. Ne6+ Kf7 41. Qf5+ Kg8 42. Qd5 Ne5 43.
Nxf4+ Qf7 44. Rxe5 Qxd5 45. Rxd5 Bxf4 46. Rxc5 Re6 47. c4 b4 48. g3 Be5 49. b3
Kf7 50. Rd5 Kf6 51. Kg2 1-0

[Event "Corus"]
[Site "Wijk aan Zee"]
[Date "2010.01.31"]
[Round "13"]
[White "Carlsen, Magnus"]
[Black "Caruana, Fabiano"]
[Result "1/2-1/2"]
[WhiteElo "2810"]
[BlackElo "2675"]
[Annotator "Postny,E"]
[PlyCount "112"]
[EventDate "2010.01.16"]
[EventType "tourn"]
[EventRounds "13"]
[EventCountry "NED"]
[EventCategory "19"]
[SourceTitle "CBM 135"]
[Source "ChessBase"]
[SourceDate "2010.03.17"]
[SourceVersion "1"]
[SourceVersionDate "2010.03.17"]
[SourceQuality "1"]

1. e4 e5 2. Nf3 Nc6 3. Bb5 a6 4. Ba4 Nf6 5. d3 d6 6. c3 g6 7. Nbd2 Bg7 8. Nf1
O-O 9. Bg5 d5 $1 {It's strange that this move hasn't appeaed at the top level
so far. Objectively speaking, Black doesn't have have problems in this line
anyway, but the move in the text seems to give Black some chances for evne
more than equality.} (9... h6 10. Bh4 Ne7 (10... b5 11. Bb3 Na5 12. Bc2 c5 13.
Ne3 Be6 14. O-O Qd7 15. a3 Ng4 16. Nxg4 Bxg4 17. h3 Be6 $11 {1-0 Tiviakov,S 
(2648)-Eljanov,P (2701)/Montreal 2007/CBM 119 (39)}) 11. Ne3 c6 12. O-O Qc7 13.
Bb3 b5 14. a4 Bb7 15. Qd2 Kh7 16. axb5 axb5 17. Rxa8 Bxa8 18. Ra1 Bb7 $11 {
0-1 Papp,G (2509)-Almasi,Z (2668)/Nyiregyhaza 2008/CBM 126 (40)}) 10. Qe2 Qd6
11. Bxf6 {I don't see any reason to give up the bishop.} (11. Ng3 $11 {
Objectively, the knight is out of place on g3. Still, this is the way to
complete the development without any concession.}) 11... Bxf6 12. Ne3 ({
White can't win a pawn like this:} 12. exd5 Qxd5 13. Ne3 Qd6 14. Nc4 Qe6 15.
Bxc6 Qxc6 16. Ncxe5 Bxe5 17. Nxe5 Qxg2 $15) 12... Ne7 {Black is already
slightly better.} 13. Bb3 c6 14. h4 $6 {White doesn't have any grounds for
this kind of attack.} (14. O-O {is clearly safer.}) 14... Be6 15. Ng5 (15. h5 {
is just a punch in the air. Black can start the queenside offensive by} a5 $15)
15... Bd7 16. Rd1 Rad8 17. Qf3 $5 {Magnus is consequent. Objectively, this
idea leads to a worse position for White, but at least Black has to find some
precise moves here.} (17. Nf3 $15 {would clearly indicate that all White's
previous play was false.}) 17... h6 18. Nc4 $1 {This is the point.} dxc4 19.
dxc4 Nd5 $8 20. Nh3 h5 $1 {[%cal Gd7g4] Caruana finds the best way to parry
white's attacking attempts.} (20... Bxh4 $6 21. cxd5 Kg7 22. Nf4 $5 exf4 23.
Rxh4 g5 24. Rh1 f5 25. exf5 Bxf5 26. dxc6 Rfe8+ 27. Kf1 Qxc6 28. Qxc6 Rxd1+ 29.
Bxd1 bxc6 {is also slightly better for Black, but is quite messy on the way.})
21. Qg3 Bg4 22. Rd2 (22. f3 $4 Qe7 $1 $19 {[%cal Gf6h4]}) {[%tqu "En","How
should Black continue?","","","f6h4","Nice counterblow, simplifying to a
better ending.",10,"d6e7","",0]} 22... Bxh4 $1 {Nice counterblow, simplifying
to a better ending.} (22... Qe7 $2 23. cxd5 cxd5 24. Bxd5 Bxh4 25. Qe3 $13) 23.
Qxh4 Qf6 24. Qxf6 Nxf6 25. Ng5 c5 {[%csl Yb3] Black is clearly better, as he
is practically a pawn up.} 26. f3 Bc8 27. Ba4 Kg7 28. Rxd8 Rxd8 29. b4 $2 {
Looks like a nervous slip of the finger.} ({For example:} 29. g3 $17 {was the
normal way to continue.}) 29... Rd3 $19 {Now White just loses a pawn without
any compensation.} 30. bxc5 {Funny tripled pawns, which are going to be eaten
one by one.} Rxc3 31. Kd2 Rxc4 32. Bb3 Rxc5 33. Nxf7 a5 34. Rc1 (34. Nd6 {
is an suggestion by the chess engine, but with precise play Black should win
this.}) 34... Rxc1 35. Kxc1 a4 36. Bc4 b5 37. Nd6 bxc4 38. Nxc8 h4 39. Nb6 Nh5
40. Nxc4 Kf6 $2 {It wasn't an easy choice for Caruana, especially in time
trouble. The difference between the two lines is rather subtle, but important!}
(40... Nf4 $1 41. Nxe5 Nxg2 42. Ng4 (42. Kd2 Kf6 43. Ng4+ {would be just a
transposition.}) 42... Ne1 43. Nh2 Kf6 44. Kd2 Ng2 45. Ng4+ Kg5 {Here the
white knight must guard the h-pawn, and doesn't have time to go for the a-pawn.
} 46. Ke2 h3 47. Kf2 Kh4 $1 48. Nh2 (48. e5 Nf4 $19) 48... Nf4 49. Ke3 g5 50.
Nf1 Ng6 $1 51. Kf2 Ne5 52. Ke3 Nc6 53. a3 Ne5 $19 {[%csl Ra3][%cal Ge5c4]}) 41.
Kd2 Nf4 42. Ke3 (42. Ne3 $2 {falls to a typical tactical trick:} Kg5 43. Ke1
Nxg2+ $1 44. Nxg2 h3 45. Kf2 h2 $19) 42... Nxg2+ 43. Kf2 Nf4 44. Nb2 {The
exchange of a-pawns is in favour of the defending side.} a3 45. Nc4 Nd3+ 46.
Kg2 Kg5 (46... Nb4 47. Nxa3 Nxa2 48. Nb5 Nb4 49. Kh3 g5 50. Nd6 Nd3 51. Nc4 {
Black can torture his opponent for a long time, but I don't really see a
constructive winning plan.}) 47. Nxa3 Kf4 48. Nc2 {Now it's a clear draw,
since the a-pawn gives White counterplay.} Nb2 49. Nb4 h3+ 50. Kxh3 Kxf3 51.
Kh4 Kf4 52. Nd5+ Kxe4 53. Ne7 Kf3 54. Nxg6 e4 55. Ne5+ Kf4 56. Ng4 Na4 {
A somewhat lucky escape for the World number one, which yielded him another
victory in an elite tournament!} 1/2-1/2